| 000 | 01266cas a2200361 a 4500 | ||
|---|---|---|---|
| 001 | 000011611 | ||
| 005 | 20200929162513.0 | ||
| 008 | 790611u1958uuuumx || r | b0spa d | ||
| 010 | _a86656582 | ||
| 035 | _a(OCoLC)ocm05056054 | ||
| 037 | _bCia. Editora del Manual Azucarero, S.A., Balderas No. 44, Desp. 112-113, 06050 Mexico, D.F. | ||
| 040 |
_aDO-SdBNP _cTxU _dDLC _dNST _dDLC _dOCoLC _dDNAL |
||
| 042 | _alc | ||
| 043 | _an-mx--- | ||
| 050 | 0 | 0 |
_aTP375.8.M6 _bM36 |
| 070 | 0 |
_a65.8 _bM31 |
|
| 245 | 0 | 0 |
_aManual azucarero mexicano : _b1983. |
| 260 |
_aMexico, D.F. : _bCia. Editora del Manual Azucarero. |
||
| 300 |
_av. : _bill. ; _c28 cm. |
||
| 310 | _aAnnual | ||
| 362 | 1 | _aBegan with 1a. ed. (1958). | |
| 500 | _aDescription based on: 1a. ed. (1958). | ||
| 500 | _aLatest issue consulted: 28a. ed. (1985) | ||
| 590 | _aSERBIB/SERLOC merged record | ||
| 650 | 0 |
_aSugar _xManufacture and refining _zMexico _vDirectories. _927465 |
|
| 650 | 0 |
_aSugar trade _zMexico _vDirectories. _927466 |
|
| 650 | 0 |
_aSugar factories _zMexico _vDirectories. _927467 |
|
| 890 |
_aManual azucarero mexicano. Mexico, D.F. _i86-656582 |
||
| 910 | _aCatalogación derivada | ||
| 082 | 0 | 0 |
_a664/.1/02572 _219 |
| 012 | _a-3-7-0905150521-p----- | ||
| 999 |
_c11304 _d11304 |
||